[Event "2.BLN SK Zehlendorf-FC St. Pauli"]
[Site "?"]
[Date "2018.01.21"]
[Round "5.6"]
[White "Brodowski, Piotr"]
[Black "Jahncke, Giso"]
[Result "1-0"]
[WhiteElo "2433"]
[BlackElo "2405"]
[PlyCount "81"]
[EventDate "2018.01.21"]
[WhiteTeam "SK Zehlendorf"]
[BlackTeam "FC St. Pauli"]
[WhiteTeamCountry "POL"]
[BlackTeamCountry "GER"]

1. c4 g6 2. g3 Bg7 3. Bg2 c5 4. Nc3 Nc6 5. e3 e6 6. Nge2 Nge7 7. O-O O-O 8. Nf4
Rb8 9. a3 a6 10. b4 Nxb4 11. axb4 cxb4 12. Rb1 bxc3 13. Ba3 Be5 14. dxc3 Bc7
15. Qd3 Re8 16. Rfd1 b5 17. cxb5 Rxb5 18. Rxb5 axb5 19. Qxb5 d5 20. c4 Bd7 21.
Qb3 Qa8 22. Ra1 Be5 23. Bb2 Qb8 24. Qxb8 Bxb8 25. cxd5 Bxf4 26. dxe6 Bxe6 27.
gxf4 h6 28. Bf6 Nd5 29. Be5 Kh7 30. Ra7 Rc8 31. h3 Nb4 32. Bf6 Nd5 33. Bb2 Rc7
34. Ra8 Nc3 35. Kh2 g5 36. Ra3 Nd1 37. Be5 Rc8 38. Ra1 Nxf2 39. Rf1 f6 40. Bd4
Rc2 41. Kg3 1-0

[Event "2.BLN SK Zehlendorf-FC St. Pauli"]
[Site "?"]
[Date "2018.01.21"]
[Round "5.7"]
[White "Pajeken, Wolfgang"]
[Black "Kalabic, Faris"]
[Result "1/2-1/2"]
[WhiteElo "2240"]
[BlackElo "2203"]
[PlyCount "82"]
[EventDate "2018.01.21"]
[WhiteTeam "FC St. Pauli"]
[BlackTeam "SK Zehlendorf"]
[WhiteTeamCountry "GER"]
[BlackTeamCountry "GER"]

1. d4 Nf6 2. c4 e6 3. Nc3 Bb4 4. Qc2 d5 5. cxd5 exd5 6. Bg5 Nbd7 7. a3 Be7 8.
e3 O-O 9. Bd3 Re8 10. Nf3 Nf8 11. O-O c6 12. h3 Ne4 13. Bf4 Nxc3 14. bxc3 Ng6
15. Ne5 Bd6 16. Nxg6 hxg6 17. Bxd6 Qxd6 18. Rfb1 b6 19. a4 c5 20. Qb2 c4 21.
Be2 Bf5 22. Qb4 Qf6 23. Rb2 Qg5 24. Kh2 Be4 25. Bf1 Re6 26. a5 Rb8 27. Qb5 Qd8
28. Qa4 g5 29. axb6 axb6 30. Be2 f5 31. Qd1 g4 32. f3 gxf3 33. Bxf3 Qg5 34.
Bxe4 Rxe4 35. Qf3 Rd8 36. Re1 Rd6 37. Rf2 Rf6 38. Ra2 Qg6 39. Ra8+ Kh7 40. Rd8
Qf7 41. Qg3 Qb7 1/2-1/2

[Event "2.BLN SK Zehlendorf-FC St. Pauli"]
[Site "?"]
[Date "2018.01.21"]
[Round "5.8"]
[White "Nguyen Luu, Truong Son"]
[Black "Mitscherling, Andreas"]
[Result "1/2-1/2"]
[WhiteElo "2136"]
[BlackElo "2171"]
[PlyCount "34"]
[EventDate "2018.01.21"]
[WhiteTeam "SK Zehlendorf"]
[BlackTeam "FC St. Pauli"]
[WhiteTeamCountry "GER"]
[BlackTeamCountry "GER"]

1. d4 d5 2. Nc3 e6 3. Nf3 Nf6 4. Bf4 Bd6 5. e3 O-O 6. Bd3 c5 7. O-O cxd4 8.
Bxd6 Qxd6 9. exd4 Nc6 10. Re1 a6 11. Qd2 h6 12. a3 Bd7 13. Rad1 Rfe8 14. Bf1
Nh7 15. Re3 Ne7 16. Bd3 Nf5 17. Ree1 Nf6 1/2-1/2

[Event "2BLN 1718 SK Union Oldenburg - Hamburge"]
[Site "?"]
[Date "2018.02.04"]
[Round "6.1"]
[White "Colpe, Malte"]
[Black "Breutigam, Martin"]
[Result "0-1"]
[WhiteElo "2397"]
[BlackElo "2382"]
[PlyCount "124"]
[EventDate "2018.??.??"]

1. d4 Nf6 2. c4 g6 3. Nc3 Bg7 4. e4 d6 5. Nf3 O-O 6. h3 c5 7. Be3 Nc6 8. Be2 b6
9. O-O e5 10. dxe5 dxe5 11. Qxd8 Rxd8 12. Bg5 h6 13. Bxf6 Bxf6 14. Nd5 Bg7 15.
Rad1 Bb7 16. Bd3 Kh7 17. Rd2 Rac8 18. Rfd1 Nd4 19. Nxd4 cxd4 20. g4 Rd6 21. b4
Bf6 22. a4 Bg5 23. Rc2 a5 24. Rb1 Ba6 25. Kf1 axb4 26. Rxb4 Bd8 27. Ke2 Rdc6
28. f3 Kg7 29. Kd2 h5 30. Ke2 Kh6 31. Kf2 Kg5 32. Kg3 h4+ 33. Kh2 Ra8 34. Rcb2
Bc8 35. Kg2 Be6 36. Re2 Rc5 37. Bc2 Rc6 38. f4+ exf4 39. Kf3 Bc7 40. Rb5 Kh6
41. Bb3 Bxd5 42. Rxd5 Rd6 43. e5 Rdd8 44. Kxf4 f6 45. g5+ fxg5+ 46. Ke4 Rxd5
47. Kxd5 d3 48. Re3 g4 49. Kc6 Bxe5 50. Rxe5 g3 51. Re4 g5 52. Bd1 Rf8 53. Re6+
Kg7 54. Re7+ Rf7 55. Re1 Rf4 56. c5 bxc5 57. Kxc5 g4 58. Bxg4 Rxg4 59. hxg4 h3
60. a5 h2 61. a6 g2 62. a7 g1=Q+ 0-1

[Event "2BLN 1718 SK Union Oldenburg - Hamburge"]
[Site "?"]
[Date "2018.02.04"]
[Round "6.2"]
[White "Bredemeier, Dirk"]
[Black "Engel, Luis"]
[Result "0-1"]
[WhiteElo "2305"]
[BlackElo "2380"]
[PlyCount "82"]
[EventDate "2018.??.??"]

1. c4 c5 2. g3 g6 3. Bg2 Bg7 4. Nc3 Nc6 5. a3 e6 6. b4 Nxb4 7. axb4 cxb4 8. d4
bxc3 9. e3 Ne7 10. Ne2 d5 11. cxd5 Nxd5 12. Qb3 O-O 13. O-O b6 14. e4 Ne7 15.
e5 Nd5 16. Nxc3 Bb7 17. Ne4 Qd7 18. Ba3 Rfd8 19. Nd6 Bf8 20. Rfc1 Bxd6 21. Bxd6
Rdc8 22. Qa3 a5 23. h4 Rxc1+ 24. Rxc1 Rc8 25. h5 h6 26. hxg6 fxg6 27. Bh3 Kg7
28. Kh2 g5 29. Bg2 Qe8 30. Bf3 Rxc1 31. Qxc1 Qf7 32. Kg2 Nb4 33. Bxb7 Qxb7+ 34.
Kg1 Nd3 35. Qe3 Nb4 36. Bxb4 axb4 37. Qb3 Qe7 38. d5 exd5 39. Qxd5 Kg6 40. f4
Qc5+ 41. Qxc5 bxc5 0-1

[Event "2BLN 1718 SK Union Oldenburg - Hamburge"]
[Site "?"]
[Date "2018.02.04"]
[Round "6.3"]
[White "Souleidis, Georgios"]
[Black "Mueer, Sebastian"]
[Result "1-0"]
[WhiteElo "2412"]
[BlackElo "2240"]
[PlyCount "37"]
[EventDate "2018.??.??"]

1. e4 c5 2. Nf3 Nc6 3. Nc3 g6 4. d4 cxd4 5. Nxd4 Bg7 6. Be3 Nf6 7. Be2 O-O 8.
Nb3 b6 9. O-O Bb7 10. Qd2 d5 11. exd5 Nb4 12. Bh6 Nxc2 13. Rad1 Bxh6 14. Qxh6
Nb4 15. Rd4 Nbxd5 16. Rfd1 e6 17. Rh4 Qc7 18. Ne4 Qe5 19. Rxd5 1-0

[Event "2BLN 1718 SK Union Oldenburg - Hamburge"]
[Site "?"]
[Date "2018.02.04"]
[Round "6.4"]
[White "Meessen, Max"]
[Black "Kramer, Julian"]
[Result "0-1"]
[WhiteElo "2189"]
[BlackElo "2381"]
[PlyCount "94"]
[EventDate "2018.??.??"]

1. e4 c5 2. Nf3 d6 3. Nc3 a6 4. a4 Nf6 5. e5 dxe5 6. Nxe5 Nbd7 7. Nc4 Nb6 8. a5
Nxc4 9. Bxc4 Bd7 10. O-O e6 11. d3 Be7 12. Bd2 O-O 13. Bb3 Bc6 14. Ba4 Qd7 15.
Qe2 Rad8 16. b3 Rfe8 17. Rad1 h6 18. Bxc6 Qxc6 19. Na4 Bd6 20. Nb6 e5 21. f3
Nd5 22. Nxd5 Qxd5 23. Qe4 Be7 24. Rfe1 Qxe4 25. fxe4 f6 26. Rf1 Kf7 27. g4 Ke6
28. Kg2 Rh8 29. Kg3 h5 30. h3 g6 31. Rf2 Rd7 32. Rdf1 Bd8 33. Rg2 hxg4 34. hxg4
Rdh7 35. Kf3 Rh1 36. Rxh1 Rxh1 37. Ke2 Kf7 38. Be1 Be7 39. Kf2 f5 40. Bc3 Bh4+
41. Ke2 f4 42. Bxe5 Re1+ 43. Kf3 g5 44. Re2 Rg1 45. Rg2 Rf1+ 46. Ke2 Re1+ 47.
Kd2 f3 0-1

[Event "2BLN 1718 SK Union Oldenburg - Hamburge"]
[Site "?"]
[Date "2018.02.04"]
[Round "6.5"]
[White "Meissner, Felix"]
[Black "Reuker, Jari"]
[Result "1-0"]
[WhiteElo "2342"]
[BlackElo "2346"]
[PlyCount "111"]
[EventDate "2018.??.??"]

1. e4 c5 2. Nf3 e6 3. g3 d5 4. exd5 exd5 5. Bg2 Qe7+ 6. Qe2 Qxe2+ 7. Kxe2 Nf6
8. Re1 Nc6 9. Kf1+ Be7 10. d3 O-O 11. Bf4 Bf5 12. Nc3 Rad8 13. h3 d4 14. Ne2
Nd5 15. Bd2 Ndb4 16. Bxb4 Nxb4 17. Nexd4 cxd4 18. Rxe7 Nxc2 19. Rd1 Nb4 20.
Rxb7 a5 21. a3 Bxd3+ 22. Kg1 Be4 23. Re7 Bxf3 24. Bxf3 Na6 25. Re5 Rd6 26. Rxa5
Rfd8 27. Rd3 f6 28. Kg2 Nc7 29. Ra7 Ne6 30. b4 Rb8 31. Bg4 Ng5 32. Rd7 Rd8 33.
Rxd8+ Rxd8 34. a4 Ne4 35. a5 Nc3 36. Bf3 Rd6 37. Bd1 Kf8 38. Bb3 Ke7 39. Kf3
Kd7 40. b5 Kc7 41. Bc4 Kb7 42. Rd2 Na4 43. Bd3 Nc5 44. Bxh7 Nb3 45. Be4+ Kb8
46. Ra2 d3 47. a6 Ka7 48. b6+ Rxb6 49. Bxd3 Nc1 50. Ra3 Nxd3 51. Rxd3 Kxa6 52.
Rd7 g5 53. Kg4 Kb5 54. Kf5 Kc5 55. Rf7 Rb2 56. Rxf6 1-0

[Event "2BLN 1718 SK Union Oldenburg - Hamburge"]
[Site "?"]
[Date "2018.02.04"]
[Round "6.6"]
[White "Wittje, Berthold"]
[Black "Fuchs, Judith"]
[Result "1/2-1/2"]
[WhiteElo "2227"]
[BlackElo "2284"]
[PlyCount "148"]
[EventDate "2018.??.??"]

1. Nf3 Nf6 2. g3 b5 3. Bg2 Bb7 4. O-O e6 5. d4 c5 6. c3 Be7 7. Qb3 Qb6 8. a4
bxa4 9. Qxa4 cxd4 10. Qxd4 Bc5 11. Qa4 O-O 12. Nbd2 d5 13. Nb3 Be7 14. Be3 Qc7
15. Bf4 Bd6 16. Bxd6 Qxd6 17. Qa3 Qb6 18. Nc5 Nbd7 19. Nxb7 Qxb7 20. Rfb1 Ne4
21. Nd4 Ndf6 22. Rd1 Qb6 23. Qa6 Qxb2 24. Rab1 Qxc3 25. Rbc1 Qb4 26. f3 Nd6 27.
Nc6 Qb6+ 28. Qxb6 axb6 29. e4 Nc4 30. exd5 Ne3 31. dxe6 Nxd1 32. e7 Rfe8 33.
Rxd1 g6 34. Bh3 Kg7 35. Rb1 Ra6 36. Bf1 b5 37. Bxb5 Rb6 38. Rb4 Nd5 39. Rb3
Nxe7 40. Nxe7 Rxe7 41. Bc4 Rxb3 42. Bxb3 Re2 43. Bc4 Rd2 44. Bb5 Kf6 45. Bc4
Ke7 46. Bb5 Kd6 47. Bc4 f6 48. f4 h6 49. h4 g5 50. hxg5 hxg5 51. fxg5 fxg5 52.
Ba6 Rc2 53. Bb7 Ke5 54. Bf3 Rd2 55. Bb7 Rb2 56. Bc6 Rc2 57. Bb7 Rc3 58. Kf2 Kf5
59. Bf3 Rc1 60. Kg2 Ke5 61. Kf2 Kd4 62. Bb7 g4 63. Ba8 Kd3 64. Bd5 Rc2+ 65. Kf1
Ke3 66. Kg1 Rd2 67. Bc6 Ke2 68. Bb7 Rd6 69. Kg2 Rf6 70. Bd5 Rf2+ 71. Kg1 Rf3
72. Kg2 Rf2+ 73. Kg1 Rf3 74. Kg2 Rf2+ 1/2-1/2

[Event "2BLN 1718 SK Union Oldenburg - Hamburge"]
[Site "?"]
[Date "2018.02.04"]
[Round "6.7"]
[White "Baciu, Diana"]
[Black "Schuette, Marc"]
[Result "1-0"]
[WhiteElo "2298"]
[BlackElo "2110"]
[PlyCount "79"]
[EventDate "2018.??.??"]

1. e4 e6 2. d4 d5 3. Nd2 Nc6 4. c3 dxe4 5. Nxe4 Be7 6. Nf3 Nf6 7. Bd3 Bd7 8.
Qe2 h6 9. O-O Nxe4 10. Bxe4 O-O 11. b4 a6 12. a4 Bd6 13. Bd2 Qe7 14. Rfe1 f5
15. Bc2 Rae8 16. Bb3 Kh7 17. b5 Nb8 18. Ne5 Bc8 19. Nc4 axb5 20. axb5 Nd7 21.
Nxd6 Qxd6 22. Bc1 Rf6 23. Ba3 Qb6 24. Qc4 c6 25. bxc6 bxc6 26. Bd6 Bb7 27. Bc2
c5 28. dxc5 Qc6 29. f3 Rg6 30. Re3 Nb6 31. Qd4 Nd5 32. Re2 Ra8 33. Rxa8 Bxa8
34. h4 h5 35. Kh2 Qa6 36. Rxe6 Rxe6 37. Bxf5+ Rg6 38. Qe4 Ne7 39. Qxe7 Qa2 40.
Qg5 1-0

[Event "2BLN 1718 SK Union Oldenburg - Hamburge"]
[Site "?"]
[Date "2018.02.04"]
[Round "6.8"]
[White "Wagner, Jan"]
[Black "Groetzbach, Julian"]
[Result "0-1"]
[WhiteElo "2165"]
[BlackElo "2310"]
[PlyCount "62"]
[EventDate "2018.??.??"]

1. Nf3 d5 2. c4 e6 3. g3 Nf6 4. Bg2 d4 5. O-O c5 6. e3 Nc6 7. exd4 cxd4 8. d3
Bd6 9. b3 O-O 10. Ba3 Bxa3 11. Nxa3 Re8 12. Re1 e5 13. b4 Nxb4 14. Rxe5 Rxe5
15. Nxe5 Qa5 16. Qb3 Bf5 17. Nb5 a6 18. Nd6 Qxe5 19. Qxb4 Bxd3 20. Re1 a5 21.
Nxf7 axb4 22. Nxe5 Bc2 23. g4 d3 24. Nf3 Rxa2 25. g5 Nd7 26. Nd2 Kf8 27. Bf3 b3
28. Bxb7 b2 29. Be4 Ra1 30. Kf1 Nc5 31. Bxh7 Nb3 0-1

[Event "2BLN 1718 FC St. Pauli - SK König Tege"]
[Site "?"]
[Date "2018.02.04"]
[Round "6.1"]
[White "Stern, Rene"]
[Black "Feuerstack, Aljoscha"]
[Result "1-0"]
[WhiteElo "2511"]
[BlackElo "2442"]
[PlyCount "40"]
[EventDate "2018.??.??"]

1. c4 Nc6 2. Nc3 g6 3. e3 Nf6 4. d4 d5 5. cxd5 Nxd5 6. Qb3 e6 7. Bb5 Bg7 8.
Bxc6+ bxc6 9. Na4 Qd6 10. Qd1 c5 11. Nxc5 Bb7 12. Nxb7 Ne7 13. Qc2 Bxd4 14. g3
a5 15. h4 Rb8 16. Qxc7 Qd8 17. a4 e5 18. Ke2 e4 19. Kd2 f5 20. g4 fxg4 1-0

[Event "2BLN 1718 FC St. Pauli - SK König Tege"]
[Site "?"]
[Date "2018.02.04"]
[Round "6.2"]
[White "Cuenca Jimenez, Jose Fernando"]
[Black "Richter, Michael"]
[Result "1-0"]
[WhiteElo "2500"]
[BlackElo "2495"]
[PlyCount "68"]
[EventDate "2018.??.??"]

1. d4 d5 2. c4 e6 3. Nf3 c6 4. Nc3 dxc4 5. e4 b5 6. a4 Bb4 7. Be2 Bb7 8. O-O a6
9. Bd2 Be7 10. e5 Nd7 11. Qc1 c5 12. axb5 cxd4 13. Nxd4 Nxe5 14. Be3 Nf6 15.
Rd1 Nd3 16. Bxd3 cxd3 17. bxa6 Rxa6 18. Rxa6 Bxa6 19. Nc6 Qc7 20. Nxe7 Kxe7 21.
b4 Rd8 22. Bc5+ Kd7 23. Qg5 Kc8 24. f3 Nd5 25. Qxg7 f6 26. Qxc7+ Kxc7 27. Ne4
f5 28. Nd2 Bb5 29. Ra1 Kc6 30. Re1 Re8 31. Kf2 e5 32. Bd4 Kd6 33. Bc5+ Ke6 34.
Ra1 e4 1-0

[Event "2BLN 1718 FC St. Pauli - SK König Tege"]
[Site "?"]
[Date "2018.02.04"]
[Round "6.3"]
[White "Muse, Mladen"]
[Black "Michna, Marta"]
[Result "1/2-1/2"]
[WhiteElo "2406"]
[BlackElo "2372"]
[PlyCount "83"]
[EventDate "2018.??.??"]

1. Nf3 d6 2. d4 g6 3. e4 Bg7 4. Bc4 e6 5. Bb3 Nd7 6. O-O Ne7 7. c3 b6 8. Re1
Bb7 9. Nbd2 O-O 10. Nf1 c5 11. Ng3 Qc7 12. Bg5 Rae8 13. Qd2 c4 14. Bc2 f6 15.
Bh6 Rf7 16. Bxg7 Kxg7 17. b3 b5 18. a4 a6 19. axb5 axb5 20. bxc4 bxc4 21. Nf1
Rff8 22. Ne3 Nb6 23. Rab1 Ba8 24. h4 h5 25. Rb5 Nd7 26. Rb4 d5 27. exd5 Bxd5
28. Qe2 Nb6 29. Reb1 Rb8 30. Nd2 Nc6 31. Rb5 Ne7 32. Rc5 Qd7 33. f3 Na4 34.
Bxa4 Rxb1+ 35. Nxb1 Qxa4 36. Nxd5 Nxd5 37. Qxe6 Re8 38. Qxd5 Qd1+ 39. Kh2 Re1
40. Rc7+ Kh6 41. Kg3 Re2 42. Rh7+ 1/2-1/2

[Event "2BLN 1718 FC St. Pauli - SK König Tege"]
[Site "?"]
[Date "2018.02.04"]
[Round "6.4"]
[White "Voigt, Martin"]
[Black "Bruedigam, Martin"]
[Result "1/2-1/2"]
[WhiteElo "2309"]
[BlackElo "2404"]
[PlyCount "51"]
[EventDate "2018.??.??"]

1. e4 e5 2. Nf3 Nc6 3. Nc3 Nf6 4. d4 exd4 5. Nxd4 Bc5 6. Nxc6 bxc6 7. Bd3 O-O
8. O-O Re8 9. h3 h6 10. Qf3 d5 11. exd5 cxd5 12. Bf4 c6 13. Rfe1 Rxe1+ 14. Rxe1
Be6 15. Ne2 Ne4 16. Bxe4 dxe4 17. Qxe4 Qb6 18. Bg3 Qxb2 19. Nf4 Qxa2 20. Qxc6
Rc8 21. Qb7 Bf5 22. Nd5 Qxc2 23. Ne7+ Bxe7 24. Rxe7 Qc4 25. Qxa7 Be6 26. Rc7
1/2-1/2

[Event "2BLN 1718 FC St. Pauli - SK König Tege"]
[Site "?"]
[Date "2018.02.04"]
[Round "6.5"]
[White "Fruebing, Stefan"]
[Black "Krause, Jonah"]
[Result "1/2-1/2"]
[WhiteElo "2402"]
[BlackElo "2325"]
[PlyCount "52"]
[EventDate "2018.??.??"]

1. e4 c6 2. Nc3 d5 3. Nf3 Nf6 4. e5 Ne4 5. Ne2 Qb6 6. d4 e6 7. Nfg1 f6 8. f3
Ng5 9. exf6 gxf6 10. f4 Ne4 11. Ng3 Bd7 12. c3 c5 13. Nxe4 dxe4 14. d5 Na6 15.
Qh5+ Kd8 16. dxe6 Qxe6 17. Be3 f5 18. Nh3 Kc7 19. Ng5 Qg6 20. Qxg6 hxg6 21. Bc4
b5 22. Bd5 Bc6 23. Bf7 Be8 24. Bd5 Bc6 25. Bf7 Be8 26. Bd5 Bc6 1/2-1/2

[Event "2BLN 1718 FC St. Pauli - SK König Tege"]
[Site "?"]
[Date "2018.02.04"]
[Round "6.6"]
[White "Jahncke, Giso"]
[Black "Muse, Drazen"]
[Result "1-0"]
[WhiteElo "2394"]
[BlackElo "2373"]
[PlyCount "139"]
[EventDate "2018.??.??"]

1. d4 d6 2. Nf3 g6 3. c4 Bg7 4. Nc3 Nf6 5. e4 O-O 6. Be2 c6 7. O-O e5 8. d5
cxd5 9. cxd5 Na6 10. Be3 Ng4 11. Bg5 f6 12. Bc1 Bd7 13. Nd2 f5 14. exf5 gxf5
15. Bxg4 fxg4 16. Nde4 Bf5 17. Be3 Qd7 18. a3 b6 19. b4 Rac8 20. Qb3 h6 21.
Rac1 Nc7 22. Ng3 Bg6 23. Rfd1 Ne8 24. Nce4 Rxc1 25. Rxc1 Nf6 26. Nxf6+ Rxf6 27.
Rc6 Bf8 28. Qc4 Qh7 29. Qxg4 Kh8 30. Rc8 h5 31. Qg5 Rf7 32. h4 Kg7 33. Re8 Kh8
34. Re6 Rg7 35. Qd8 Rg8 36. Bg5 Qf7 37. Be7 Bxe7 38. Qxe7 Qxe7 39. Rxe7 Rc8 40.
Re6 Kg7 41. Rxd6 Rc1+ 42. Kh2 Rc4 43. Rd7+ Kf8 44. Rxa7 Rxh4+ 45. Kg1 Rd4 46.
Rb7 h4 47. Nh1 Rxd5 48. Rxb6 Kf7 49. f3 Rd1+ 50. Kh2 Rd2 51. Kh3 e4 52. fxe4
Rd3+ 53. Kxh4 Rxa3 54. Ng3 Ra2 55. Kh3 Ra3 56. Kg4 Ra2 57. Kf3 Ra3+ 58. Kf4 Ra2
59. Nf5 Bxf5 60. Kxf5 Rf2+ 61. Ke5 Rxg2 62. Rb7+ Ke8 63. Ke6 Kd8 64. e5 Rg6+
65. Kd5 Rg1 66. e6 Rd1+ 67. Kc6 Kc8 68. Rc7+ Kb8 69. e7 Rc1+ 70. Kb6 1-0

[Event "2BLN 1718 FC St. Pauli - SK König Tege"]
[Site "?"]
[Date "2018.02.04"]
[Round "6.7"]
[White "Von Herman, Ulf"]
[Black "Pajeken, Wolfgang"]
[Result "1/2-1/2"]
[WhiteElo "2348"]
[BlackElo "2239"]
[PlyCount "125"]
[EventDate "2018.??.??"]

1. d4 Nf6 2. c4 e6 3. Nf3 d5 4. g3 c6 5. Bg2 Nbd7 6. O-O Be7 7. a4 a5 8. Qc2
O-O 9. Nc3 b6 10. cxd5 cxd5 11. Bf4 Ba6 12. Rfc1 Rc8 13. Qd1 Nb8 14. Bxb8 Rxb8
15. e3 Nd7 16. Bf1 Bb7 17. Rc2 Rc8 18. Rac1 Bd6 19. Bb5 Qe7 20. Qd3 Nb8 21. Ne2
h6 22. Ne5 Rxc2 23. Qxc2 Rc8 24. Qd2 Rxc1+ 25. Qxc1 Qc7 26. Qxc7 Bxc7 27. f4
Kf8 28. Kf2 f6 29. Nd3 Ke7 30. g4 Nc6 31. Bxc6 Bxc6 32. Nc3 Bb8 33. h4 Be8 34.
Ne1 Kd6 35. Nf3 Bg6 36. Ke2 Kc6 37. Kd2 Bd6 38. h5 Be8 39. Nh4 Bb4 40. Kd3 Bd7
41. f5 e5 42. Nb5 e4+ 43. Ke2 Bc8 44. Ng6 Bd6 45. Kd2 Bb4+ 46. Kc2 Bd7 47. Nf4
Bd6 48. Ne2 Bb8 49. Nbc3 Bc8 50. Kd2 Ba6 51. Nf4 Bxf4 52. exf4 Bf1 53. Nd1 Bc4
54. Ne3 Bb3 55. g5 Kd6 56. gxh6 gxh6 57. Ng4 Bxa4 58. Nxf6 Bd7 59. Ng8 Be8 60.
Nxh6 Bxh5 61. Ng8 Bf7 62. Nf6 b5 63. Ng4 1/2-1/2

[Event "2BLN 1718 FC St. Pauli - SK König Tege"]
[Site "?"]
[Date "2018.02.04"]
[Round "6.8"]
[White "Breyther, Ruediger"]
[Black "Sarbok, Torsten"]
[Result "1/2-1/2"]
[WhiteElo "2242"]
[BlackElo "2319"]
[PlyCount "82"]
[EventDate "2018.??.??"]

1. e4 c5 2. Nf3 a6 3. c3 d5 4. exd5 Qxd5 5. d4 e6 6. Be2 cxd4 7. cxd4 Nf6 8.
Nc3 Qd6 9. O-O Nbd7 10. Re1 Be7 11. Ne5 Nxe5 12. dxe5 Qxd1 13. Rxd1 Nd7 14. Bf4
O-O 15. Bf3 Rb8 16. Ne4 Nb6 17. Nd6 Bd7 18. Be3 Nd5 19. Bxd5 exd5 20. Rxd5 Be6
21. Rd2 f6 22. f4 fxe5 23. fxe5 b5 24. b3 a5 25. Rc1 Bd8 26. Rf1 Rxf1+ 27. Kxf1
b4 28. Bc5 Bg5 29. Rf2 h6 30. Ne4 Ra8 31. Nxg5 hxg5 32. Rd2 a4 33. Bxb4 axb3
34. axb3 Bxb3 35. Rd7 Ra2 36. Bd2 g4 37. Kf2 Be6 38. Rd6 Kf7 39. Kg3 Ra3+ 40.
Kf2 Ra2 41. Kg3 Ra3+ 1/2-1/2

[Event "2BLN 1718 Turm Kiel - SK Zehlendorf"]
[Site "?"]
[Date "2018.02.04"]
[Round "6.1"]
[White "Meister, Jakob"]
[Black "Salgado Lopez, Ivan"]
[Result "1/2-1/2"]
[WhiteElo "2429"]
[BlackElo "2647"]
[PlyCount "76"]
[EventDate "2018.??.??"]

1. e4 c5 2. c3 Nf6 3. e5 Nd5 4. Bc4 Nb6 5. Bb3 c4 6. Bc2 d6 7. exd6 Qxd6 8. d4
cxd3 9. Qxd3 Qxd3 10. Bxd3 Nc6 11. f4 e5 12. Nf3 exf4 13. Bxf4 Bc5 14. Nbd2 Nd5
15. Bg3 O-O 16. Ne4 Bb6 17. O-O-O Bg4 18. h3 Bh5 19. Rde1 Ne3 20. Bf1 Bg6 21.
Bf4 Nxf1 22. Rhxf1 h6 23. Nfd2 Rfe8 24. Nd6 Rxe1+ 25. Rxe1 Bc7 26. g3 b6 27.
N2c4 Kf8 28. Ne5 Nxe5 29. Bxe5 Bd8 30. h4 f6 31. Bf4 Be7 32. Nb5 Bf7 33. b3 Rd8
34. Rd1 a6 35. Rxd8+ Bxd8 36. Nd4 Be7 37. Kd2 b5 38. Nf5 Be6 1/2-1/2

[Event "2BLN 1718 Turm Kiel - SK Zehlendorf"]
[Site "?"]
[Date "2018.02.04"]
[Round "6.2"]
[White "Dziuba, Marcin"]
[Black "Malek, Daniel"]
[Result "1-0"]
[WhiteElo "2584"]
[BlackElo "2404"]
[PlyCount "65"]
[EventDate "2018.??.??"]

1. Nf3 d5 2. c4 e6 3. g3 dxc4 4. Bg2 a6 5. O-O Nf6 6. Qc2 b5 7. Ne1 Nd5 8. d3
cxd3 9. Nxd3 Bb7 10. Nc3 Nd7 11. Nxd5 exd5 12. Rd1 Be7 13. Nf4 Nb6 14. a4 bxa4
15. Nxd5 Nxd5 16. Bxd5 Bxd5 17. e4 O-O 18. Rxd5 Qc8 19. Rxa4 Rd8 20. Bf4 c5 21.
Rxd8+ Qxd8 22. Rc4 g6 23. Be3 Rb8 24. Bxc5 Bxc5 25. Rxc5 Qd4 26. b3 Kg7 27. Rc4
Qe5 28. Kg2 h5 29. h4 Qa1 30. Rc8 Rb4 31. Qc5 Rb7 32. e5 Kh7 33. Re8 1-0

[Event "2BLN 1718 Turm Kiel - SK Zehlendorf"]
[Site "?"]
[Date "2018.02.04"]
[Round "6.3"]
[White "Lagunow, Raphael"]
[Black "Rasmussen, Allan Stig"]
[Result "1/2-1/2"]
[WhiteElo "2353"]
[BlackElo "2543"]
[PlyCount "116"]
[EventDate "2018.??.??"]

1. e4 c5 2. Nf3 e6 3. d4 cxd4 4. Nxd4 Nc6 5. Nc3 Qc7 6. Be3 a6 7. Qd2 Nf6 8.
O-O-O Bb4 9. f3 Ne5 10. Nb3 b5 11. Kb1 Be7 12. Qf2 Bb7 13. Na5 O-O 14. Nxb7
Qxb7 15. g4 Rac8 16. Rg1 d6 17. g5 Nfd7 18. Bd3 Nc4 19. Bc1 g6 20. f4 Rfe8 21.
h4 Bf8 22. h5 Bg7 23. hxg6 fxg6 24. Ne2 Nc5 25. f5 Be5 26. f6 Rc7 27. Nd4 Na4
28. Rg2 Qa7 29. c3 b4 30. Bxc4 Rxc4 31. Nf3 Qb7 32. Nxe5 dxe5 33. cxb4 Rec8 34.
Rgg1 Qxb4 35. Ka1 Rc2 36. f7+ Kf8 37. Rd8+ Rxd8 38. Qxc2 Qc5 39. Qg2 Kxf7 40.
Qf3+ Kg8 41. Rf1 Qe7 42. b3 Nb6 43. Ba3 Qe8 44. Qf2 Nc8 45. Qc5 Nd6 46. Qxe5
Nf7 47. Qf6 e5 48. Bc1 Rd6 49. Qf2 Qd7 50. Qe2 Qc6 51. Qf3 Qb7 52. Bb2 Qd7 53.
Bxe5 Rd3 54. Qf6 Rd1+ 55. Rxd1 Qxd1+ 56. Kb2 Qd2+ 57. Kb1 Qe1+ 58. Kb2 Qd2+
1/2-1/2

[Event "2BLN 1718 Turm Kiel - SK Zehlendorf"]
[Site "?"]
[Date "2018.02.04"]
[Round "6.4"]
[White "Glud, Jakob Vang"]
[Black "Stachowiak, Kamil"]
[Result "1/2-1/2"]
[WhiteElo "2516"]
[BlackElo "2437"]
[PlyCount "99"]
[EventDate "2018.??.??"]

1. c4 c5 2. g3 Nc6 3. Bg2 g6 4. Nc3 Bg7 5. a3 d6 6. Nf3 e5 7. O-O Nge7 8. b4
O-O 9. Rb1 Rb8 10. d3 h6 11. e3 Be6 12. Nd2 f5 13. Nd5 g5 14. Nb3 cxb4 15. Nxb4
Nxb4 16. axb4 b6 17. Qe2 Rc8 18. Bb2 Qd7 19. Nd2 f4 20. exf4 gxf4 21. d4 Bg4
22. Qd3 Bf5 23. Ne4 Nc6 24. dxe5 Nxe5 25. Bxe5 dxe5 26. Qxd7 Bxd7 27. Nd6 Rc7
28. Bd5+ Kh8 29. Rfe1 Bc6 30. Rbd1 fxg3 31. hxg3 a5 32. bxa5 bxa5 33. Ne4 Ra8
34. Re2 a4 35. Ra2 Bf8 36. Rd3 Bb4 37. Kg2 a3 38. Rb3 Ra4 39. Bxc6 Rxc6 40. Nc3
Bxc3 41. Rxc3 Rcxc4 42. Rxc4 Rxc4 43. Rxa3 Kg7 44. Ra5 Kf6 45. Ra6+ Kg5 46. Re6
e4 47. Kf1 h5 48. Re8 h4 49. Rg8+ Kf6 50. gxh4 1/2-1/2

[Event "2BLN 1718 Turm Kiel - SK Zehlendorf"]
[Site "?"]
[Date "2018.02.04"]
[Round "6.5"]
[White "Lagunow, Alexander"]
[Black "Hector, Jonny"]
[Result "0-1"]
[WhiteElo "2404"]
[BlackElo "2511"]
[PlyCount "100"]
[EventDate "2018.??.??"]

1. e4 e5 2. Nf3 Nc6 3. Nc3 Nf6 4. d4 exd4 5. Nxd4 Bb4 6. Nxc6 bxc6 7. Bd3 d5 8.
exd5 O-O 9. O-O cxd5 10. Bg5 c6 11. Qf3 Rb8 12. h3 Bd6 13. b3 Be5 14. Bf4 Bxf4
15. Qxf4 Be6 16. Na4 Qa5 17. Qd6 Rbc8 18. Qc5 Qc7 19. b4 Qf4 20. c3 Bf5 21. Nb2
Rfe8 22. Bxf5 Qxf5 23. Nd1 Re2 24. Qxa7 Rce8 25. Qd4 Qg5 26. a4 Ne4 27. Ne3 Nd2
28. Qg4 Qxg4 29. hxg4 Nxf1 30. Kxf1 Rb2 31. a5 Ra8 32. Nf5 Kf8 33. Nd4 Ra6 34.
Ra3 Ke7 35. Nb3 Kd6 36. g3 g6 37. g5 Ra8 38. Kg2 Re8 39. a6 Ra8 40. Kf3 Rb1 41.
a7 Kc7 42. Nc5 Re1 43. Ra6 Re5 44. Kg4 Re7 45. Nb3 Re4+ 46. f4 Rc4 47. b5 cxb5
48. Nd4 b4 49. Nb5+ Kb7 50. Ra4 Kc6 0-1

[Event "2BLN 1718 Turm Kiel - SK Zehlendorf"]
[Site "?"]
[Date "2018.02.04"]
[Round "6.6"]
[White "Pakleza, Zbigniew"]
[Black "Brodowski, Piotr"]
[Result "1-0"]
[WhiteElo "2502"]
[BlackElo "2438"]
[PlyCount "77"]
[EventDate "2018.??.??"]

1. d4 g6 2. Nf3 Bg7 3. c4 d6 4. Nc3 Nc6 5. d5 Ne5 6. Nxe5 Bxe5 7. e4 Nf6 8. Bd3
O-O 9. Ne2 Nd7 10. Rb1 Bg7 11. Bc2 a5 12. O-O c6 13. Be3 Nc5 14. Qd2 cxd5 15.
cxd5 Bg4 16. Nd4 Qb6 17. h3 Bd7 18. Rfd1 Rfc8 19. Bh6 Bh8 20. Bg5 Re8 21. Nf3
Bg7 22. Bh6 Bf6 23. Qf4 Bb5 24. Rd2 Rac8 25. Bg5 Bg7 26. Qh4 Nd7 27. Be3 Qd8
28. Ng5 h6 29. Nf3 g5 30. Qg3 Nf6 31. Ne1 Qd7 32. Qf3 e6 33. Rbd1 exd5 34. exd5
Qe7 35. Bf5 Nd7 36. h4 gxh4 37. Qh3 Rc4 38. b3 Rc3 39. a4 1-0